000 01555cab a2200217 4500
001 ##L134825
008 060904n2006 000 0 eng u
035 _a(Sirsi) u134825
041 0 _aeng
100 1 _aEarly, Catherine
245 0 0 _aUpdated system takes flak
260 _c2006
490 0 _aPlanning (for the Natural and Built Environment)
_v(1682) 18 August 2006, 8(1)
520 _aReports on the stuttering start of the reformed plan-making system. The first two Local Development Frameworks produced by Lichfield DC and Stafford BC have been pronounced unsound by the inspectors and sent back for redrafting. Describes the key criticisms of the core strategies and the two authorities' reactions to the inspectors' assessment. The local authorities were critical of the inadequate government guidance on what a core strategy should consist of. It was felt that credibility of planning reform must not be damaged by a lack of effective collaboration and partnership between local authorities and government.
590 _aIKA050906
651 4 _aEngland
_y886-
690 _aENVIRONMENTAL AND LAND CONSULTANCY-PLANNING AND DEVELOPMENT-PLANNING GUIDANCE-LOCAL DEVELOPMENT PLANS
856 4 0 _uhttps://www.lichfielddc.gov.uk/site/scripts/documents_info.php?categoryID=374&documentID=731
_zView the Inspector's report and Lichfield DC's response free of charge at www.lichfield.gov.uk...
856 4 0 _uhttps://www.staffordbc.gov.uk/
_zView the Inspector's report on Stafford BC's LDF free of charge at www.staffordbc.gov.uk...
942 _n0
999 _c77665
_d77665